MDQL
is popping MORE tags! Check the
thread
!
Quizzes
Events
Quiz Creation
Community
Videos
Private Events
Remove Ads
Sign In
Join for FREE
Feedback
Dark Mode
Quiz Categories
Sports
Geography
Music
Movies
Television
Just For Fun
Miscellaneous
History
Literature
Language
Science
Gaming
Entertainment
Religion
Holiday
For Kids
Quiz Lab
Recent
Popular Today
Quiz Kudos Today
Editor Picks
Curator Picks
Quizzes by...
Day
Popularity
Type
Ratings
Length
Year
Community
Subscriptions
Recent Discussions
Orange Saloon
Badges
Playlists
Quests
Create
Leaderboards
Showdown
Live 5
Trivia Bingo
Activity
Puzzle Library
Sporcle Events
Private Events
Virtual Trivia
Globe League
Become a Host
Pub Owners
SporcleCon
Opinionation
Our Games
Videos
Blog
Mobile Apps
Partnerships
Remove Ads and Go Orange
Feedback
Gaming
Video Games
Board Games
Card Games
Pokémon
Mario
Nintendo
Minecraft
Console
Toys
Legend of Zelda
Gaming
Video Games
Board Games
Card Games
Pokémon
Mario
Nintendo
Minecraft
Console
Toys
Legend of Zelda
Random Quiz
Search Sporcle
×
Quiz Lab
Quiz Lab
Gaming
rpg
Type in answers that appear in a list
Type in answers that appear in a list
Classic
Best Score? Go Orange.
Pathfinder RPG Classes Stats
Can you name the different classes of the Pathfinder Roleplaying Game?
By
Direwolf22
6m
44 Questions
1,174 Plays
1,174 Plays
1,174 Plays
Comments
Comments
Give Quiz Kudos
Give Quiz Kudos
-
- Ratings
hide this ad
Replay
Link that replays current quiz
Next Quiz
Link to next quiz in quiz playlist
You Got
0%
They Got
Avg Score
52%
Avg Friend Score
Upgrade to see
Score Distribution
Jump to the score distribution portion of the page
Score
0/44
Timer
06:00
0
Plays Today
Class Type
Class
% Correct
Core Class
Wizard
98.4%
Core Class
Fighter
97.4%
Core Class
Rogue
97%
Core Class
Cleric
96.4%
Core Class
Barbarian
95.1%
Core Class
Sorcerer
94.7%
Core Class
Paladin
94.5%
Core Class
Ranger
93.9%
Core Class
Druid
93.6%
Core Class
Bard
93.4%
Core Class
Monk
89.5%
Base Class
Alchemist
80.4%
Base Class
Witch
77.3%
Base Class
Magus
71.1%
Base Class
Oracle
69.9%
Base Class
Gunslinger
67.3%
Base Class
Cavalier
66.9%
Unchained Class
Unchained Rogue
65.5%
Occult Class
Kineticist
64.3%
Unchained Class
Unchained Monk
63.8%
Base Class
Summoner
63.5%
Hybrid Class
Swashbuckler
63.5%
Class Type
Class
% Correct
Hybrid Class
Investigator
62.8%
Unchained Class
Unchained Barbarian
62.4%
Hybrid Class
Skald
62.3%
Base Class
Inquisitor
62%
Hybrid Class
Hunter
61.9%
Hybrid Class
Arcanist
60.9%
Hybrid Class
Slayer
60.9%
Hybrid Class
Warpriest
60.2%
Occult Class
Occultist
60%
Hybrid Class
Shaman
59.5%
Alternate Class
Antipaladin
58.7%
Hybrid Class
Bloodrager
57.1%
Hybrid Class
Brawler
57.1%
Occult Class
Psychic
56.9%
Base Class
Vigilante
54.5%
Unchained Class
Unchained Summoner
51.8%
Base Class
Shifter
51.5%
Occult Class
Mesmerist
48.7%
Occult Class
Medium
46.3%
Occult Class
Spiritualist
42.7%
Alternate Class
Ninja
33.9%
Alternate Class
Samurai
33.6%
Quiz Playlist
Details
Report
Send in Message
Add To Playlist
Classic:
Type in answers that appear in a list
Quiz Source
Last Updated: Jul 8, 2019
Quiz Scoreboard
CHALLENGE
Sign Up to Join the Scoreboard
Show All
Scores
Hide
Comments
May contain spoilers
Recently Published
Two Season TV Shows II
by 123Four
Television
10m
Image Sorting: Flags VI
by Barbecue
Geography
2m
Find the 'City' Movie
by crazypaving
Movies
60s
More to Explore
Quiz From the Vault
Featured Blog Post
14 Easter Pick-up Lines to Find Eggs With
hide this ad
You Might Also Like...
Tags
Pathfinder
Role-Playing
rpg
Today's Top Quizzes in Gaming
Browse Gaming
hide this ad
Today's Top Quizzes in rpg
Browse rpg
Top Contributed Quizzes in Gaming
1
League of Legends Pro Players by Career/Team History
2
Destiny 2 exotic weapons by perk icons
3
Genshin Impact Logic Puzzle
4
Genshin murder mystery
5
Dead By Daylight Logic Puzzle
6
4x4 Decades: Video Games
7
Ultimate Genshin Impact Logic Puzzle (up to 4.3)
8
Overwatch Logic Puzzle
9
Who's on the WWE 2K24 Cover?
10
Overwatch 2: Ultimate Ability Icons
Explore More
Trending Topics
Kpop
Disney
Crossword
NBA
Anime
Marvel
Harry Potter
Pokémon
NFL
Song
WWE
Puzzle
Country
Soccer
The Office
hide this ad
More By:
Direwolf22
Quiz
Plays
Rating
Category
Featured
Created
Crazy Little Thing Called Love Lyrics
1,319
4.50
Music
Dec 4, 2012
Pathfinder RPG Classes
1,174
4.75
Gaming
Mar 7, 2012
Who wants to live forever Lyrics
1,152
5.00
Music
Dec 5, 2012
Same Character, Different Actors
141
3.50
Movies
May 6, 2021
Recurring Bond Characters by Actor
67
4.00
Movies
Aug 27, 2020
Go to Creator's Profile
Score Distribution
Quiz Creator Spotlight
Direwolf22
Follow
Send a Message
Quizzes Created
-
Created Quiz Play Count
-
More By This Creator
Popular Quizzes Today
1
Find the US States - No Outlines Minefield
2
Colored Red Africa Blitz
3
Find the 'City' Movie
4
5x2 Blitz: Bands
5
The Countries of the World
6
Find the Countries of Europe - No Outlines Minefield
7
Find the US States
8
US States
More Gaming Quizzes
World of Warcraft: Zones by ANY 3 Letters
Quiz Lab
Trending Quizzes
Colored Red Europe Blitz I
Colored Red Africa Blitz II
Colored Red Europe Blitz II
Colored Red Africa Blitz III
Colored Red Europe Blitz III
Recently Updated
How Do You Spell That?
pecheneg
Godzilla Movies
pecheneg
Grab Bag: 4-10 Letters
pecheneg
2024 March Madness Bracket
pecheneg
Famous TV Couples
Peacemaker
Champions League XIs: Real Madrid
pecheneg
Largest US Cities 1790-2010
pecheneg
Rides in Walt Disney World
pecheneg
Most Oscar Losses (Acting)
pecheneg
Beyoncé Albums
pecheneg
Trending Topics
Crossword
Anime
Kpop
Marvel
Harry Potter
Disney
NBA
NFL
Country
Song
Soccer
WWE
Pokémon
Puzzle
The Office
Your Account Isn't Verified!
In order to create a playlist on Sporcle, you need to verify the email address you used during registration. Go to your
Sporcle Settings
to finish the process.
Report this User
Report this user for behavior that violates our
Community Guidelines
.
Details:
Send Report
Go to the Sporcle.com Mobile Site →
Comments